000 00606nam a2200181Ia 4500
008 090123s9999 xx 000 0 und d
082 _b40494
100 _aटिपरे राधिका
245 _aसाद देती गिरीशिखरे
250 _a1
260 _bकृष्णा प्रकाशन
_c2005
300 _a271
600 _aटिपरे राधिका
630 _aसाद देती गिरीशिखरे
700 _aटिपरे राधिका
730 _aसाद देती गिरीशिखरे
942 _cBOOK
999 _c78568
_d78568